000 00562nam a2200193Ia 4500
003 GCL
005 20240530095451.0
008 140319s9999 xx 000 0 ara d
020 _a0148835691
040 _aGCL /
_cGCL
082 0 4 _a813.02
_bط/ن ا
100 1 _aسفين نوردكفيست
245 1 0 _aاصوات فى الحديقة /
_cسفين نوردكفيست
260 _aالسويد :
_bدار المنى ،
_c1993
300 _a23 ص ؛
_c31 سم
650 0 4 _aالقصص القصيرة
650 0 4 _aقصص الاطفال
942 _2ddc
_cBK
999 _c7561
_d7561